000 00240nam a2200097Ia 4500
001 691696
005 20250826161840.0
008 250824s9999 xx 000 0 und d
245 0 _aSUSACAK VAR
_cKAHRAMAN TAZEOĞLU
260 _bDESTEK YAYINLARI
999 _c691696
_d691696